000
00346nam a2200145Ia 4500
008
230718s9999 xx 000 0 und d
041
_a
Eng.
082
_a
346.086
_b
MAL-M
100
_a
malik saleem iqbal
245
0
_a
munal of insurance law
260
_a
Pakistan
_b
imran law book house
_c
2020
300
_a
626
650
_a
Law
999
_c
33032
_d
33032